Deutsche Bands A-Z - Statistiken

Allgemein
  • Dieses Quiz wurde 1.387 mal gespielt
  • Das Durchschnittsergebnis liegt bei 14 aus 26
Antwortstatistiken
Buchstabe Songs Antwort % Korrekt
N 99 Luftballons, Irgendwie, Irgendwo, Irgendwann, Nur Geträumt Nena
94%
R Du Hast, Sonne, Engel Rammstein
86%
J Perfekte Welle, Geile Zeit, Dieses Leben Juli
83%
M Brother Louie, Cheri Cheri Lady, You're My Heart, You're My Soul Modern Talking
81%
S Wind Of Change, Rock You Like A Hurricane, Still Loving You Scorpions
79%
U Geboren Um Zu Leben, So Wie Du Warst, Zeit Zu Gehen Unheilig
77%
P Abenteuerland, Ich Denk An Dich, Lena Pur
76%
F An Tagen Wie Diesen, Jein, Emanuela Fettes Brot
71%
A Forever Young, Big In Japan, Sounds Like A Melody Alphaville
70%
D Leider Geil, Remmidemmi, So 'Ne Musik Deichkind
68%
I So Soll Es Bleiben, Vom Selben Stern, Stark Ich + Ich
67%
K Schüsse In Die Luft, Kein Liebeslied, Songs Für Liam Kraftklub
62%
C Everytime We Touch, Evacuate The Dancefloor, Bad Boy Cascada
56%
T Ich Find Dich Scheiße, Warum?, Verpiss Dich Tic Tac Toe
55%
B Verdamp Lang Her, Kristallnaach, Do Kanns Zaubere BAP
51%
E Du Trägst Keine Liebe In Dir, Weinst Du, Junimond Echt
50%
W Nur Ein Wort, Denkmal, Guten Tag Wir sind Helden
48%
L Narcotic, Play Some Rock, Ordinary Life Liquido
42%
O Augen Auf!, Labyrinth, Sandmann Oomph!
39%
G Open Your Eyes, Lords Of The Boards, Big In Japan Guano Apes
37%
H Countdown To Insanity, Ring Of Fire, Risin' High H-Blockx
17%
V Wenn Du Tanzt, Meine Kneipe, Bitch Von Wegen Lisbeth
16%
Y Please Tell Rosie, Your Favourite Song, Narcotic Younotus
10%
Q Too Young, Hello (Turn Your Radio On), I Can't Stop Feeling Queensberry
9%
X Schau Nicht Mehr Zurück, Wage Es Zu Glauben, Du Bereicherst Mich Xavas
9%
Z Plattenbau O.S.T., Was Für Eine Zeit, Alle Gegen Alle Zugezogen Maskulin
7%
Keine übereinstimmenden Quizze gefunden
Verteilung der Resultate
Anzahl Personen mit jedem Resultat
Perzentil nach korrekt beantworteten Fragen
Ihre Resultats-Entwicklung
Sie haben dieses Quiz noch nicht gespielt